Производство и использование ароматических углеводородов

التفاصيل البيبلوغرافية
المؤلف الرئيسي: Соколов В. З. Владислав Захарович
مؤلفون آخرون: Харлампович Г. Д. Георгий Дмитриевич
اللغة:الروسية
منشور في: Москва, Химия, 1980
الموضوعات:
التنسيق: MixedMaterials كتاب
KOHA link:https://koha.lib.tpu.ru/cgi-bin/koha/opac-detail.pl?biblionumber=75325

MARC

LEADER 00000nam0a2200000 4500
001 75325
005 20231031090611.0
035 |a (RuTPU)RU\TPU\book\80307 
090 |a 75325 
100 |a 20050322d1980 km y0rusy50 ca 
101 0 |a rus 
102 |a RU 
105 |a a z 001zy 
200 1 |a Производство и использование ароматических углеводородов  |f В. З. Соколов, Г. Д. Харлампович 
210 |a Москва  |c Химия  |d 1980 
215 |a 334 с.  |c ил. 
320 |a Литература: с. 330 
320 |a Предметный указатель: с. 331-334 
610 1 |a ароматические углеводороды 
610 1 |a производство 
610 1 |a использование 
610 1 |a свойства 
610 1 |a бензол 
610 1 |a ксилолы 
610 1 |a антрацен 
610 1 |a нафталин 
610 1 |a фенантрен 
610 1 |a переработка 
610 1 |a соединения 
675 |a 661.71  |v 3 
700 1 |a Соколов  |b В. З.  |g Владислав Захарович 
701 1 |a Харлампович  |b Г. Д.  |g Георгий Дмитриевич 
801 1 |a RU  |b 63413507  |c 20050322  |g PSBO 
801 2 |a RU  |b 63413507  |c 20121206  |g PSBO 
942 |c BK